<?xml version="1.0" encoding="UTF-8"?>
<collection xmlns="http://www.loc.gov/MARC21/slim">
 <record>
  <leader>01980nam a2200205Ia 4500</leader>
  <controlfield tag="001">CTU_223911</controlfield>
  <controlfield tag="008">210402s9999    xx            000 0 und d</controlfield>
  <datafield tag="020" ind1=" " ind2=" ">
   <subfield code="c">546000</subfield>
  </datafield>
  <datafield tag="082" ind1=" " ind2=" ">
   <subfield code="a">330.024658</subfield>
  </datafield>
  <datafield tag="082" ind1=" " ind2=" ">
   <subfield code="b">F236</subfield>
  </datafield>
  <datafield tag="100" ind1=" " ind2=" ">
   <subfield code="a">Farnham, Paul G.</subfield>
  </datafield>
  <datafield tag="245" ind1=" " ind2="0">
   <subfield code="a">Economics for managers</subfield>
  </datafield>
  <datafield tag="245" ind1=" " ind2="0">
   <subfield code="c">Paul G. Farnham</subfield>
  </datafield>
  <datafield tag="260" ind1=" " ind2=" ">
   <subfield code="a">Boston</subfield>
  </datafield>
  <datafield tag="260" ind1=" " ind2=" ">
   <subfield code="b">Pearson</subfield>
  </datafield>
  <datafield tag="260" ind1=" " ind2=" ">
   <subfield code="c">2014</subfield>
  </datafield>
  <datafield tag="520" ind1=" " ind2=" ">
   <subfield code="a">Economics for Managers presents the fundamental ideas of microeconomics and macroeconomics and then integrates them from a managerial decision-making perspective in a framework that can be used by any manager, executive or decision-maker. To be competitive in today’s business environment, managers must understand how economic forces affect their business and what must be considered when making business decisions.  This is the only book that provides a thorough and applied understanding of both micro- and macroeconomic concepts to the non-economics based reader. The second edition retains all the same core concepts and straightforward material on micro- and macroeconomics while incorporating new case material and real-world examples. Managers and Economics; Demand, Supply, and Equilibrium Prices; Demand Elasticities ; Techniques for Understanding Consumer Demand and Behavi∨ Production and Cost Analysis in the Short Run; Production and Cost Analysis in the Long Run; Market Structure: Perfect Competition; Market Structure: Monopoly and Monopolistic Competition; Market Structure: Oligopoly;  Pricing Strategies for the Firm; Measuring Macroeconomic Activity ; Spending by Individuals, Firms, and Governments on Real Goods and Services;  The Role of Money in the Macro Economy; The Aggregate Model of the Macro Economy; International and Balance of Payments Issues in the Macro Economy; Combining Micro and Macro Analysis for Managerial Decision Making</subfield>
  </datafield>
  <datafield tag="650" ind1=" " ind2=" ">
   <subfield code="a">Economics,Kinh tế học</subfield>
  </datafield>
  <datafield tag="910" ind1=" " ind2=" ">
   <subfield code="b">vdbang</subfield>
  </datafield>
  <datafield tag="980" ind1=" " ind2=" ">
   <subfield code="a">Trung tâm Học liệu Trường Đại học Cần Thơ</subfield>
  </datafield>
 </record>
</collection>
